000 00486cam a2200205ua 4500
020 _c4.50
041 _aeng
_h
082 _a551
_bLAN/GE
100 _aLange, O .
245 _aGeneral geology /
_cO Lange.
_hTextual Documents
250 _a1 /
_b.
260 _aMoscow :
_bForeign Language Publishing House ,
_c1967.
300 _a298 ; .
365 _a4.50
504 _a
700 1 _aIvanova, M .
700 1 _aLebedeva, N .
942 _cBK
999 _c3161
_d3161